000 00282nam a22001217a 4500
999 _c153978
_d153978
082 _a
_b
100 _aSandeep Ranbhirker
245 _aAdhunikta bodh aur Usha Priyamvada/
_cby Sandeep Ranbhirker.
260 _a
_bAbhaya,
_c2013.
300 _a272p.
650 _a
942 _cBK